| 000 | 00537nam a2200181 i 4500 | ||
|---|---|---|---|
| 001 | 51250 | ||
| 003 | ES-MaACL | ||
| 005 | 20240524062948.0 | ||
| 007 | t| | ||
| 008 | 030812s1914 xxk ||||1| eng d | ||
| 100 | 0 |
_aChesterton, G. K., _d1874-1936 _938399 |
|
| 245 | 1 | 4 |
_aThe defendant / _cby G.K. Chesterton. |
| 250 | _a4th ed. | ||
| 260 |
_aLondon : _bJ.M. Dent & Sons limited, _c1914 ( _ePlymouth : _fW. Brendon and Sons) |
||
| 300 |
_aXII, 131 p. ; _c19 cm. |
||
| 852 |
_aES-MaACL _jD-5088 |
||
| 999 |
_c51250 _d51250 |
||